000 00471nam a2200217Ia 4500
005 20250425162653.0
008 250425s9999 xx 000 0 und d
020 _a8422608839
041 _aspa
043 _asp
082 _a800
100 _aSTENDHAL
245 0 _aLA CARTUJA DE PARMA
250 _aS.E
260 _aBARCELONA
260 _aEspaƱa
_bCIRCULO DE LECTORES
_c1977
300 _a487
650 _aLITERATURA
942 _c01
010 _a95563
999 _c234050
_d234050